Documentos del Episcopado Argentino: 1889-1909

Guardat en:
Dades bibliogràfiques
Format: Llibre
Idioma:espanyol
Publicat: Buenos Aires Conferencia Episcopal Argentina 1993
Col·lecció:Colección Documentos del Episcopado Argentino, 1
Matèries:
Etiquetes: Afegir etiqueta
Sense etiquetes, Sigues el primer a etiquetar aquest registre!

MARC

LEADER 00000nam a2200000 a 4500
001 UCM5702
003 CL-VaPUC
008 021018e19930000AG |||||||||||||||||spa|d
082 0 4 |a 262.12282  |b DOC  |2 21 
245 1 0 |a Documentos del Episcopado Argentino: 1889-1909 
300 |a 223 p 
942 |c BK 
945 |d 20021018 00:00:00  |a vberengu 
260 |a Buenos Aires  |b Conferencia Episcopal Argentina  |c 1993 
600 0 |a Iglesia católica  |9 255129 
650 7 |a EPISCOPADO ARGENTINO  |2 CL-VaPUC  |9 471793 
650 0 |a Problemas sociales  |9 258537 
583 |a last modification  |c 20021018 00:00:00  |k Rodrigo Vera 
490 0 |a Colección Documentos del Episcopado Argentino, 1 
999 |c 301562  |d 301560 
952 |0 0  |1 0  |4 0  |6 262_122820000000000_DOC_1993  |7 0  |8 DER_HDC  |9 360707  |a BIBDER  |b BIBDER  |d 2019-11-21  |i 3847241  |o 262.12282 DOC 1993  |p 3847241  |r 2023-01-25  |w 2019-11-21  |x Ubicación 4to Piso  |y BK  |z Estos recursos deben solicitarse con anticipación  |k DER